Zmeny v štruktúre ekonomiky

Transformácia slovenskej ekonomiky a s tým spojené rýchle otvorenie sa voči vonkajšiemu ekonomickému prostrediu, ktoré znamenali pre Slovensko výrazný negatívny zlom v jeho výkonnosti. Vstup SR do EÚ a adaptácia na podmienky trhovej ekonomiky. Prehĺbenie väzieb s EÚ a so svetom.

Saved in:
Bibliographic Details
Main Author: Habrman, Michal
Other Authors: Gabrielová, Herta
Format: Book Chapter
Language:Slovak
Subjects:
Tags: Add Tag
No Tags, Be the first to tag this record!

MARC

LEADER 00000naa$a2200000$$$4500
001 0200554
005 20240502073406.7
041 0 |a slo 
044 |a SK 
245 1 0 |a Zmeny v štruktúre ekonomiky  |c Michal Habrman, Herta Gabrielová 
520 |a Transformácia slovenskej ekonomiky a s tým spojené rýchle otvorenie sa voči vonkajšiemu ekonomickému prostrediu, ktoré znamenali pre Slovensko výrazný negatívny zlom v jeho výkonnosti. Vstup SR do EÚ a adaptácia na podmienky trhovej ekonomiky. Prehĺbenie väzieb s EÚ a so svetom. 
610 2 0 |a Slovensko 
610 2 0 |a Európska únia 
610 2 0 |a krajiny tranzitívne 
610 2 0 |a prostredie ekonomické 
610 2 0 |a transformácia 
610 2 0 |a integrácia 
610 2 0 |a reformy štruktúrne 
100 1 |a Habrman, Michal 
700 1 |a Gabrielová, Herta